000 00465nam a22001692 4500
001 0000024658
005 20151217161645.0
008 140123s xx 000 0 eng d
040 _aKABU
_cKABU
100 1 _aAwuonda, Brian O.
_@0000185040
245 1 2 _aA Dissertation on women's property rights in Kenya /
_cBrian O. Awuonda.
260 _c2012.
300 _avii, 56 leaves.
908 _a140123
950 _@1
999 _c15500
_d15500